[Event "BCF-chT3N 1819 (4NCL)"]
[Site "England"]
[Date "2019.02.10"]
[Round "6.65"]
[White "Braham, Peter"]
[Black "Hulme, David I"]
[Result "0-1"]
[WhiteElo "1725"]
[BlackElo "1849"]
[PlyCount "52"]
[EventDate "2018.11.10"]
[EventType "team-swiss"]
[EventRounds "11"]
[EventCountry "ENG"]
[SourceTitle "EXT 2021"]
[Source "ChessBase"]
[SourceDate "2020.10.23"]
[SourceVersion "1"]
[SourceVersionDate "2020.10.23"]
[SourceQuality "1"]
[WhiteTeam "Bradford DCA Knights III"]
[BlackTeam "Spirit of Atticus II"]
[WhiteTeamCountry "ENG"]
[BlackTeamCountry "ENG"]

1. e4 e5 2. Nf3 Nc6 3. d4 exd4 4. Nxd4 Bc5 5. Nxc6 Qf6 6. Qf3 dxc6 7. Nc3 Be6 8. Qg3 Ne7 9. Be3 Bd6 10. f4 Bb4 11. Bd2 0-0-0 12. f5 Bxf5 13. Bg5 Qd4 14. exf5 Nxf5 15. Qd3 Qe5+ 16. Qe2 Bxc3+ 17. bxc3 Qxc3+ 18. Kf2 Qd4+ 19. Be3 Qxa1 20. Qg4 g6 21. Rg1 Rd1 22. Bxa7 Qxa2 23. Be3 Qxc2+ 24. Be2 Rxg1 25. Kxg1 h5 26. Qf3 Re8 0-1

[Event "BCF-chT3N 1819 (4NCL)"]
[Site "England"]
[Date "2019.02.09"]
[Round "5.45"]
[White "Edwards, Simon R"]
[Black "Braham, Peter"]
[Result "1-0"]
[WhiteElo "1972"]
[BlackElo "1725"]
[PlyCount "71"]
[EventDate "2018.11.10"]
[EventType "team-swiss"]
[EventRounds "11"]
[EventCountry "ENG"]
[SourceTitle "EXT 2021"]
[Source "ChessBase"]
[SourceDate "2020.10.23"]
[SourceVersion "1"]
[SourceVersionDate "2020.10.23"]
[SourceQuality "1"]
[WhiteTeam "Cheddleton II"]
[BlackTeam "Bradford DCA Knights III"]
[WhiteTeamCountry "ENG"]
[BlackTeamCountry "ENG"]

1. c4 d6 2. g3 e5 3. Bg2 f5 4. d4 Nf6 5. Nc3 Be7 6. e3 0-0 7. Nge2 c6 8. 0-0 Na6 9. b3 Bd7 10. Ba3 Nc7 11. Qc2 e4 12. d5 cxd5 13. Nxd5 Ncxd5 14. cxd5 Bb5 15. Rfd1 Bd3 16. Qd2 Bxe2 17. Qxe2 Qa5 18. Bb2 Kh8 19. a3 Rfc8 20. Bh3 g6 21. g4 fxg4 22. Bxg4 Rf8 23. Be6 h6 24. Qg4 Kh7 25. b4 Qd8 26. Rac1 Nh5 27. Qxe4 Bf6 28. Bxf6 Qxf6 29. Rc7+ Kh8 30. Qd4 Rab8 31. Qxf6+ Nxf6 32. Rdc1 Ne4 33. f4 a6 34. Re7 Rfe8 35. Rxe8+ Rxe8 36. Rc7 1-0

[Event "BCF-chT3N 1819 (4NCL)"]
[Site "England"]
[Date "2019.01.12"]
[Round "3.25"]
[White "Braham, Peter"]
[Black "Gostelow, David W"]
[Result "0-1"]
[WhiteElo "1730"]
[BlackElo "1922"]
[PlyCount "92"]
[EventDate "2018.11.10"]
[EventType "team-swiss"]
[EventRounds "11"]
[EventCountry "ENG"]
[SourceTitle "EXT 2021"]
[Source "ChessBase"]
[SourceDate "2020.10.23"]
[SourceVersion "1"]
[SourceVersionDate "2020.10.23"]
[SourceQuality "1"]
[WhiteTeam "Bradford DCA Knights III"]
[BlackTeam "Shropshire"]
[WhiteTeamCountry "ENG"]
[BlackTeamCountry "ENG"]

1. e4 c5 2. Nf3 Nc6 3. d4 cxd4 4. Nxd4 e5 5. Nb5 a6 6. Nd6+ Bxd6 7. Qxd6 Qf6 8. Qc7 Nge7 9. Nc3 Nb4 10. Bd3 d5 11. Qc5 Nxd3+ 12. cxd3 Qc6 13. Qa3 Be6 14. 0-0 Rc8 15. Bd2 Qc5 16. Qa4+ Bd7 17. Qb3 d4 18. Nd5 Nxd5 19. Rac1 Qb5 20. Qxb5 axb5 21. Rxc8+ Bxc8 22. exd5 Bf5 23. Rc1 Kd7 24. f4 f6 25. fxe5 fxe5 26. Rf1 Bxd3 27. Rf7+ Kd6 28. Rxg7 Kxd5 29. g4 Rf8 30. h4 Rf1+ 31. Kg2 Rb1 32. Kg3 Rxb2 33. Bh6 Rxa2 34. h5 Ra6 35. Rd7+ Kc6 36. Re7 Kd5 37. Bg7 Re6 38. Rxb7 Bc4 39. Rb8 Kc5 40. Rc8+ Kd5 41. Kf2 Bd3 42. Bf8 Ke4 43. Kg3 Ke3 44. Rc7 Be4 45. Bc5 Rc6 46. Rxc6 Bxc6 0-1

[Event "BCF-chT3N 1617 (4NCL)"]
[Site "England"]
[Date "2017.03.19"]
[Round "8.74"]
[White "Truman, Richard G"]
[Black "Braham, Peter"]
[Result "0-1"]
[WhiteElo "1941"]
[BlackElo "1715"]
[PlyCount "102"]
[EventDate "2016.11.26"]
[EventType "team-swiss"]
[EventRounds "11"]
[EventCountry "ENG"]
[SourceTitle "EXT 2019"]
[Source "ChessBase"]
[SourceDate "2018.10.10"]
[SourceVersion "1"]
[SourceVersionDate "2018.10.10"]
[SourceQuality "1"]
[WhiteTeam "Ashfield Breadsall"]
[BlackTeam "Bradford DCA Knights III"]
[WhiteTeamCountry "ENG"]
[BlackTeamCountry "ENG"]

1. e4 d6 2. d4 Nf6 3. Nc3 e5 4. Nf3 Nbd7 5. Bc4 Be7 6. 0-0 h6 7. a4 a5 8. Qe2 c6 9. h3 Qc7 10. Be3 Nf8 11. Nh4 g6 12. dxe5 dxe5 13. f4 Nh5 14. fxe5 Bxh4 15. Bxf7+ Qxf7 16. Rxf7 Kxf7 17. g4 Ng7 18. Qf3+ Kg8 19. Rf1 Nfe6 20. Rd1 Kh7 21. Qe2 Rf8 22. Rf1 Bd7 23. Qd3 Rxf1+ 24. Kxf1 Rf8+ 25. Kg2 Rf7 26. Ne2 Bf2 27. Bxf2 Nf8 28. Be3 Nge6 29. Qd2 g5 30. Ng3 Ng6 31. Qxa5 Nh4+ 32. Kg1 Rf3 33. Nf5 Rxh3 34. Qd2 Nf3+ 35. Kg2 Nxd2 36. Kxh3 Nxe4 37. b3 Ng7 38. Ng3 Nxg3 39. Kxg3 Kg6 40. a5 Kf7 41. Kf3 Ne8 42. c4 Nc7 43. Bb6 Na6 44. Be3 Be6 45. Bd4 Nb8 46. Bc5 Nd7 47. Bd6 Nf8 48. Kg3 Ng6 49. Kf3 Nf4 50. Bc5 Nd3 51. Bd4 Nc1 0-1

[Event "BCF-chT3N 1617 (4NCL)"]
[Site "England"]
[Date "2017.03.18"]
[Round "7.94"]
[White "Braham, Peter"]
[Black "Laurence, Geoffrey"]
[Result "0-1"]
[WhiteElo "1715"]
[BlackElo "1921"]
[PlyCount "76"]
[EventDate "2016.11.26"]
[EventType "team-swiss"]
[EventRounds "11"]
[EventCountry "ENG"]
[SourceTitle "EXT 2019"]
[Source "ChessBase"]
[SourceDate "2018.10.10"]
[SourceVersion "1"]
[SourceVersionDate "2018.10.10"]
[SourceQuality "1"]
[WhiteTeam "Bradford DCA Knights III"]
[BlackTeam "Holmes Chapel"]
[WhiteTeamCountry "ENG"]
[BlackTeamCountry "ENG"]

1. e4 Nc6 2. Nf3 Nf6 3. e5 Ng4 4. d4 d6 5. exd6 Qxd6 6. h3 Nf6 7. Bc4 Bf5 8. 0-0 0-0-0 9. Be3 e6 10. Na3 a6 11. c3 h6 12. b4 g5 13. Ne5 Nxe5 14. dxe5 Qxd1 15. Raxd1 Nd5 16. Bd4 Be7 17. Bd3 Nxc3 18. Bxc3 Rxd3 19. Rc1 b5 20. Nb1 Rhd8 21. f3 h5 22. g4 Bg6 23. Kg2 Kb7 24. a3 R8d5 25. Rf2 c5 26. Rd2 c4 27. Rxd3 Rxd3 28. Nd2 h4 29. a4 Kc6 30. a5 Kd5 31. Nf1 Rxc3 32. Rxc3 Bxb4 33. Rc1 Kxe5 34. Kf2 Bd3 35. Ke3 Bxa5 36. Ra1 Bb6+ 37. Kd2 a5 38. Ne3 Kf4 0-1

[Event "BCF-chT3Nb 1516 (4NCL)"]
[Site "England"]
[Date "2015.11.14"]
[Round "1.127"]
[White "Braham, Peter"]
[Black "Bak, Christopher"]
[Result "0-1"]
[WhiteElo "1847"]
[BlackElo "1975"]
[PlyCount "50"]
[EventDate "2015.11.14"]
[EventType "team-swiss"]
[EventRounds "7"]
[EventCountry "ENG"]
[SourceTitle "CBM 169 Extra"]
[Source "ChessBase"]
[SourceDate "2015.12.18"]
[SourceVersion "1"]
[SourceVersionDate "2015.12.18"]
[SourceQuality "1"]
[WhiteTeam "Bradford DCA Knights III"]
[BlackTeam "Bradford DCA Knights II"]
[WhiteTeamCountry "ENG"]
[BlackTeamCountry "ENG"]

1. e4 e5 2. Nf3 Nc6 3. Bb5 Nge7 4. 0-0 Ng6 5. d4 exd4 6. Nxd4 Bc5 7. Nf5 0-0 8. Nc3 Re8 9. Be3 Bf8 10. a3 a6 11. Ba4 b5 12. Bb3 Bb7 13. f3 Nce7 14. Nxe7+ Bxe7 15. Nd5 Bd6 16. Bf2 Be5 17. c3 c6 18. Nb6 Qc7 19. Nxa8 Bxh2+ 20. Kh1 Bxa8 21. Qe1 d5 22. Bb6 Qe5 23. exd5 Qb8 24. Qf2 Bg3 25. Ba7 Qe5 0-1

[Event "BCF-chT3 1415 (4NCL)"]
[Site "England"]
[Date "2015.05.03"]
[Round "10.52"]
[White "Morris, Brian"]
[Black "Braham, Peter"]
[Result "0-1"]
[WhiteElo "1300"]
[BlackElo "1787"]
[PlyCount "84"]
[EventDate "2015.03.21"]
[EventType "team-swiss"]
[EventRounds "11"]
[EventCountry "ENG"]
[SourceTitle "EXT 2016"]
[Source "ChessBase"]
[SourceDate "2015.10.08"]
[SourceVersion "1"]
[SourceVersionDate "2015.10.08"]
[SourceQuality "1"]
[WhiteTeam "Barnet Knights III"]
[BlackTeam "Bradford DCA Knights III"]
[WhiteTeamCountry "ENG"]
[BlackTeamCountry "ENG"]

1. d4 f5 2. c4 Nf6 3. Nc3 g6 4. Bg5 Bg7 5. e3 0-0 6. Bd3 d6 7. Nf3 Nc6 8. 0-0 Qe8 9. Re1 e5 10. Bc2 e4 11. Nd2 h6 12. Bxf6 Bxf6 13. f3 exf3 14. Qxf3 Kh7 15. Nd5 Qf7 16. Rf1 Be6 17. Ne4 Bg7 18. Nec3 Rac8 19. a3 Na5 20. Bd3 c6 21. Nb4 Bxc4 22. Bxc4 Nxc4 23. Qe2 Rfe8 24. Nc2 d5 25. b3 Nd6 26. Rae1 Ne4 27. Na4 b6 28. Rc1 Qe7 29. Nb4 Qd7 30. Qc2 c5 31. dxc5 bxc5 32. Nd3 c4 33. bxc4 Rxc4 34. Qb3 Qxa4 35. Qa2 Rec8 36. Nb2 Bxb2 37. Qxb2 Rxc1 38. Rxc1 Rxc1+ 39. Qxc1 Qc4 40. Qb2 Qc3 41. Qb7+ Qg7 42. Qxd5 Qa1+ 0-1

[Event "BCF-chT3 1415 (4NCL)"]
[Site "England"]
[Date "2015.05.02"]
[Round "9.240"]
[White "Braham, Peter"]
[Black "Mao, Zhongquan"]
[Result "1-0"]
[WhiteElo "1787"]
[BlackElo "1300"]
[PlyCount "55"]
[EventDate "2015.03.21"]
[EventType "team-swiss"]
[EventRounds "11"]
[EventCountry "ENG"]
[SourceTitle "EXT 2016"]
[Source "ChessBase"]
[SourceDate "2015.10.08"]
[SourceVersion "1"]
[SourceVersionDate "2015.10.08"]
[SourceQuality "1"]
[WhiteTeam "Bradford DCA Knights II"]
[BlackTeam "KJCA Knights"]
[WhiteTeamCountry "ENG"]
[BlackTeamCountry "ENG"]

1. e4 e6 2. d4 d5 3. exd5 Qxd5 4. c4 Qd8 5. Nf3 c5 6. Be3 cxd4 7. Qxd4 Qxd4 8. Bxd4 Nc6 9. Bc3 Bb4 10. a3 Bxc3+ 11. Nxc3 Nf6 12. Nb5 0-0 13. Rd1 a6 14. Nd6 Rd8 15. c5 Ne8 16. Nxc8 Raxc8 17. Bd3 Rd5 18. b4 Rcd8 19. Ke2 Nd4+ 20. Nxd4 Rxd4 21. Bc2 Nc7 22. Ke3 e5 23. Rxd4 Rxd4 24. Rd1 Nd5+ 25. Kf3 e4+ 26. Kg3 Rxd1 27. Bxd1 f5 28. Bb3 1-0

[Event "Box Hill CC-ch"]
[Site "Box Hill"]
[Date "2005.06.12"]
[Round "3.14"]
[White "Braham, Peter"]
[Black "Brooks, Chris"]
[Result "0-1"]
[WhiteElo "1531"]
[BlackElo "1754"]
[PlyCount "48"]
[EventDate "2005.06.11"]
[EventType "swiss"]
[EventRounds "7"]
[EventCountry "AUS"]
[SourceTitle "EXT 2018"]
[Source "ChessBase"]
[SourceDate "2017.10.13"]
[SourceVersion "1"]
[SourceVersionDate "2017.10.13"]
[SourceQuality "1"]

1. e4 e6 2. d4 d5 3. e5 c5 4. c3 Nc6 5. Be3 Qb6 6. Qd2 cxd4 7. cxd4 Bd7 8. Nf3 Rc8 9. Nc3 Nge7 10. Bd3 Nf5 11. 0-0 Ncxd4 12. Nxd4 Nxd4 13. Bxh7 Bc5 14. Bd3 Nc6 15. Bxc5 Qxc5 16. Qg5 Qe7 17. Qxg7 Qh4 18. Qg3 Qxg3 19. hxg3 Nxe5 20. Bb5 Ke7 21. Rad1 Bxb5 22. Nxb5 Rc2 23. Rfe1 Ng4 24. f3 Nf2 0-1

[Event "Box Hill CC-ch"]
[Site "Box Hill"]
[Date "2005.06.11"]
[Round "2.27"]
[White "Zacharczenko, Vladimir"]
[Black "Braham, Peter"]
[Result "0-1"]
[WhiteElo "1071"]
[BlackElo "1531"]
[PlyCount "52"]
[EventDate "2005.06.11"]
[EventType "swiss"]
[EventRounds "7"]
[EventCountry "AUS"]
[SourceTitle "EXT 2018"]
[Source "ChessBase"]
[SourceDate "2017.10.13"]
[SourceVersion "1"]
[SourceVersionDate "2017.10.13"]
[SourceQuality "1"]

1. d4 Nf6 2. Nf3 e6 3. c4 Bb4+ 4. Bd2 Qe7 5. a3 Bxd2+ 6. Nbxd2 d6 7. e3 e5 8. dxe5 dxe5 9. e4 c5 10. Bd3 Nc6 11. 0-0 Bg4 12. Nb3 Rd8 13. Qe2 0-0 14. Rfe1 a5 15. a4 b6 16. Rad1 Nh5 17. h3 Nf4 18. Qf1 Nxh3+ 19. gxh3 Bxf3 20. Rd2 Qg5+ 21. Kh2 Qf4+ 22. Kg1 Rd6 23. Qg2 Bxg2 24. Kxg2 Rg6+ 25. Kf1 Nd4 26. Nxd4 Qxd2 0-1

[Event "Victoria-ch op"]
[Site "Box Hill"]
[Date "2004.06.13"]
[Round "5"]
[White "Hyland, Peter"]
[Black "Braham, Peter"]
[Result "1-0"]
[WhiteElo "1889"]
[BlackElo "1447"]
[PlyCount "38"]
[EventDate "2004.06.12"]
[EventType "swiss"]
[EventRounds "7"]
[EventCountry "AUS"]
[SourceTitle "EXT 2018"]
[Source "ChessBase"]
[SourceDate "2017.10.13"]
[SourceVersion "1"]
[SourceVersionDate "2017.10.13"]
[SourceQuality "1"]

1. e4 e5 2. d4 exd4 3. c3 dxc3 4. Nxc3 Bb4 5. Bc4 Nf6 6. e5 Qe7 7. Qe2 Bxc3+ 8. bxc3 Ng8 9. Nf3 d6 10. 0-0 Be6 11. Ba3 Bxc4 12. Qxc4 d5 13. Qxd5 c6 14. Qb3 c5 15. Qb5+ Nd7 16. Qxb7 Rd8 17. Rad1 Nh6 18. Bc1 0-0 19. Bg5 Qe6 1-0

[Event "Victoria-ch op"]
[Site "Box Hill"]
[Date "2004.06.12"]
[Round "1"]
[White "Braham, Peter"]
[Black "Stojic, Dusan"]
[Result "0-1"]
[WhiteElo "1447"]
[BlackElo "1947"]
[PlyCount "116"]
[EventDate "2004.06.12"]
[EventType "swiss"]
[EventRounds "7"]
[EventCountry "AUS"]
[SourceTitle "EXT 2018"]
[Source "ChessBase"]
[SourceDate "2017.10.13"]
[SourceVersion "1"]
[SourceVersionDate "2017.10.13"]
[SourceQuality "1"]

1. e4 c5 2. Nf3 d6 3. d4 cxd4 4. Nxd4 Nf6 5. Nc3 a6 6. f4 e6 7. a4 Be7 8. Be2 0-0 9. 0-0 Nc6 10. Kh1 Bd7 11. Bf3 Qb6 12. Nxc6 bxc6 13. b3 a5 14. Ba3 Qc7 15. e5 Nd5 16. Nxd5 cxd5 17. c4 Bc6 18. Rc1 dxe5 19. Bxe7 Qxe7 20. fxe5 Rfd8 21. c5 Rab8 22. Rc3 Rb4 23. Qc2 Qg5 24. Qe2 Qe7 25. Qa6 Qc7 26. Qe2 Rdb8 27. Bh5 g6 28. Qd2 Rxb3 29. Rxb3 Rxb3 30. Bd1 Rb4 31. Rf4 Qb8 32. Rxb4 Qxb4 33. Qxb4 axb4 34. Kg1 Kf8 35. Kf2 Ke7 36. Ke3 Kd8 37. Kd3 Kc7 38. g3 Kb7 39. Ke3 Be8 40. h4 h6 41. Kd4 Bd7 42. Bc2 Ka6 43. Bd1 Ka5 44. Bc2 Bc6 45. Bd1 Ka6 46. Bc2 Kb7 47. Ke3 Kc7 48. Kd3 Kd8 49. Bd1 Ke7 50. Kd4 f6 51. Bc2 f5 52. Ke3 g5 53. hxg5 hxg5 54. Bd1 Kd7 55. Bc2 Kc7 56. Bd1 Bd7 57. Kd4 f4 58. gxf4 gxf4 0-1